Textbook of Biochemistry for Medical Students / (Record no. 906)

MARC details
000 -LEADER
Fixed length control field 00613nam a2200217Ia 4500
003 - CONTROL NUMBER IDENTIFIER
Control field IIN
005 - DATE AND TIME OF LATEST TRANSACTION
Control field 20240202162908.0
008 - FIXED-LENGTH DATA ELEMENTS--GENERAL INFORMATION
Fixed length control field 231217s9999 xx 000 0 und d
020 ## - INTERNATIONAL STANDARD BOOK NUMBER / ISBN
Price Rs.1395.00
International Standard Book Number 9789389034981
040 ## - CATALOGING SOURCE
Original cataloging agency IIN
Language of cataloging English
082 ## - DEWEY DECIMAL CLASSIFICATION NUMBER
Classification number 612.015
Book Number VAS
100 1# - MAIN ENTRY--PERSONAL NAME
Personal name Vasudevan, D.M.
245 1# - TITLE STATEMENT
Title Textbook of Biochemistry for Medical Students /
Statement of responsibility D.M. Vasudevan, Sreekumari S and Kannan Vaidyanathan
250 ## - EDITION STATEMENT
Edition statement 9th ed
260 ## - IMPRINT
Name of publisher Jaypee
Place of publication New Delhi
Date of publication 2019
300 ## - PHYSICAL DESCRIPTION
Page / Vol. No xxiv, 824 p.
650 1# - SUBJECT ADDED ENTRY--TOPICAL TERM
Topical term Biochemistry
700 1# - ADDED ENTRY--PERSONAL NAME
Personal name Sreekumari S
700 1# - ADDED ENTRY--PERSONAL NAME
Personal name Vaidyanathan, Kannan
942 ## - ADDED ENTRY ELEMENTS (KOHA)
Koha item type Books
Holdings
Withdrawn status Lost status Source of classification Damaged status Not for loan Collection code Home library Current library Date acquired Price Total Checkouts Call number Accession number Date last seen Price effective from Koha item type
    Dewey Decimal Classification       IDEAL INSTITUTE OF NURSING IDEAL INSTITUTE OF NURSING 17/12/2023 1395.00   612.015 VAS 900 17/12/2023 17/12/2023 Books
    Dewey Decimal Classification       IDEAL INSTITUTE OF NURSING IDEAL INSTITUTE OF NURSING 17/12/2023 1395.00   612.015 VAS 901 17/12/2023 17/12/2023 Books
    Dewey Decimal Classification       IDEAL INSTITUTE OF NURSING IDEAL INSTITUTE OF NURSING 17/12/2023 1395.00   612.015 VAS 902 17/12/2023 17/12/2023 Books
    Dewey Decimal Classification       IDEAL INSTITUTE OF NURSING IDEAL INSTITUTE OF NURSING 17/12/2023 1395.00   612.015 VAS 903 17/12/2023 17/12/2023 Books
    Dewey Decimal Classification       IDEAL INSTITUTE OF NURSING IDEAL INSTITUTE OF NURSING 17/12/2023 1395.00   612.015 VAS 904 17/12/2023 17/12/2023 Books
© Ideal Institute Of Nursing, All rights reserved.         Powered by Koha